[Event "Reykjavik op"]
[Site "Reykjavik"]
[Date "2025.04.15"]
[Round "9"]
[White "Pererva, Viktor"]
[Black "Leosson, Haukur Vidis"]
[Result "1/2-1/2"]
[WhiteElo "2017"]
[BlackElo "1863"]
[PlyCount "130"]
[EventDate "2025.04.09"]
[EventType "swiss"]
[EventRounds "9"]
[EventCountry "ISL"]
[SourceTitle "CB17_2025"]
[SourceDate "2025.04.23"]
[SourceVersion "1"]
[SourceVersionDate "2025.04.23"]
[SourceQuality "1"]

1. c4 e6 2. g3 Nf6 3. Bg2 d5 4. Nf3 Be7 5. 0-0 0-0 6. b3 b6 7. d4 c5 8. Bb2 Bb7 9. cxd5 Nxd5 10. dxc5 Bxc5 11. Nbd2 Nd7 12. Nc4 b5 13. Nce5 Nxe5 14. Nxe5 f6 15. Nd3 Bb6 16. Nb4 Nxb4 17. Bxb7 Rb8 18. Bg2 Qe7 19. a3 Rfd8 20. Qb1 Nd5 21. Rd1 Nc7 22. Qe4 Rd6 23. e3 Rbd8 24. Qc2 Qd7 25. Bf3 Rd2 26. Rxd2 Qxd2 27. Qxd2 Rxd2 28. Bc3 Rd3 29. Rc1 Rxe3 30. Kg2 Rd3 31. Be4 Rd8 32. Bb4 f5 33. Bb1 Nd5 34. Bc5 Rc8 35. b4 Kf7 36. Ba2 Bxc5 37. bxc5 g5 38. Kf3 g4+ 39. Ke2 Kf6 40. Bxd5 exd5 41. Kd3 d4 42. Kxd4 Rd8+ 43. Kc3 a5 44. Rb1 Rb8 45. a4 b4+ 46. Kc4 Ke6 47. Rb3 Kd7 48. Rd3+ Kc6 49. Rd6+ Kc7 50. Kb3 Rd8 51. Ra6 Rd2 52. Rxa5 Rxf2 53. Kxb4 Rxh2 54. Ra7+ Kc6 55. Ra6+ Kc7 56. Rf6 Rb2+ 57. Kc4 Rc2+ 58. Kd5 Rd2+ 59. Ke5 Rd3 60. Kxf5 Rxg3 61. Rf7+ Kc6 62. Rxh7 Kxc5 63. Rg7 Kb4 64. Rxg4+ Rxg4 65. Kxg4 Kxa4 1/2-1/2

[Event "Reykjavik op"]
[Site "Reykjavik"]
[Date "2025.04.12"]
[Round "5"]
[White "Leosson, Haukur Vidis"]
[Black "Halldorsson, Nirvaan"]
[Result "1/2-1/2"]
[WhiteElo "1863"]
[BlackElo "1701"]
[PlyCount "78"]
[EventDate "2025.04.09"]
[EventType "swiss"]
[EventRounds "9"]
[EventCountry "ISL"]
[SourceTitle "CB17_2025"]
[SourceDate "2025.04.23"]
[SourceVersion "1"]
[SourceVersionDate "2025.04.23"]
[SourceQuality "1"]

1. d4 d5 2. c4 e6 3. Nc3 c6 4. Nf3 Nf6 5. Bg5 Nbd7 6. e3 Bd6 7. Qc2 0-0 8. Bd3 h6 9. Bh4 Re8 10. cxd5 exd5 11. 0-0 Qc7 12. Rfc1 a6 13. Rab1 Qb8 14. b4 Ng4 15. Bg3 Bxg3 16. hxg3 Ndf6 17. a4 Nh5 18. e4 dxe4 19. Nxe4 Bf5 20. Re1 Bxe4 21. Bxe4 Nhf6 22. Bf5 Qd6 23. Qc5 Red8 24. Re7 b6 25. Qxd6 Rxd6 26. Rbe1 Rd5 27. Bxg4 Nxg4 28. Rb7 c5 29. Rxb6 cxd4 30. Re4 h5 31. Rxd4 Rxd4 32. Nxd4 Rc8 33. Ne2 Rd8 34. Nc3 Re8 35. Kf1 Nh2+ 36. Kg1 Ng4 37. Kf1 Nh2+ 38. Kg1 Ng4 39. Kf1 Nh2+ 1/2-1/2

[Event "Reykjavik op"]
[Site "Reykjavik"]
[Date "2025.04.11"]
[Round "4"]
[White "Monteverde, Jonathan"]
[Black "Leosson, Haukur Vidis"]
[Result "1-0"]
[WhiteElo "2067"]
[BlackElo "1863"]
[PlyCount "107"]
[EventDate "2025.04.09"]
[EventType "swiss"]
[EventRounds "9"]
[EventCountry "ISL"]
[SourceTitle "CB17_2025"]
[SourceDate "2025.04.23"]
[SourceVersion "1"]
[SourceVersionDate "2025.04.23"]
[SourceQuality "1"]

1. d4 d5 2. c4 e6 3. Nc3 a6 4. cxd5 exd5 5. Qb3 Nf6 6. Bg5 c6 7. e4 Be7 8. e5 Nfd7 9. Bxe7 Qxe7 10. f4 Nf8 11. Bd3 f6 12. Nf3 fxe5 13. fxe5 Ne6 14. 0-0 0-0 15. Qc2 g6 16. Qd2 Nf4 17. Bc2 Bg4 18. Nh4 Qg5 19. Kh1 Bh3 20. Qf2 Bd7 21. Nf3 Qe7 22. Ne2 Nxe2 23. Qxe2 Bf5 24. Bxf5 Rxf5 25. Ng1 Rxf1 26. Rxf1 Nd7 27. Qg4 Rf8 28. Rf3 Kg7 29. h4 Rxf3 30. Nxf3 Nf8 31. h5 Qe6 32. Qh4 Qf7 33. h6+ Kg8 34. Kg1 Ne6 35. a3 b6 36. b3 Qf4 37. Qe7 Qf5 38. Ng5 Qxg5 39. Qxe6+ Kf8 40. Qd6+ Qe7 41. Qb8+ Kf7 42. Qh8 Ke6 43. Qc8+ Kf7 44. Qxc6 Qxa3 45. Qxd5+ Ke7 46. Qb7+ Ke8 47. Qc6+ Ke7 48. Qf6+ Kd7 49. e6+ Kc7 50. Qf7+ Kc8 51. Qg8+ Kc7 52. Qxh7+ Kb8 53. Qxg6 Qc1+ 54. Kh2 1-0

[Event "Reykjavik op"]
[Site "Reykjavik"]
[Date "2024.03.20"]
[Round "8"]
[White "Leosson, Haukur Vidis"]
[Black "Bernard, Christophe1"]
[Result "0-1"]
[WhiteElo "1535"]
[BlackElo "1728"]
[PlyCount "55"]
[EventDate "2024.03.15"]
[EventType "swiss"]
[EventRounds "9"]
[EventCountry "ISL"]
[SourceTitle "CBM 219 Extra"]
[Source "ChessBase"]
[SourceDate "2024.05.31"]
[SourceVersion "1"]
[SourceVersionDate "2024.05.31"]
[SourceQuality "1"]

1. d4 Nf6 2. c4 c5 3. d5 b5 4. b3 bxc4 5. bxc4 d6 6. Bb2 Nbd7 7. Nf3 g6 8. e4 Bg7 9. Nc3 0-0 10. Qc2 Ng4 11. h3 Nge5 12. Be2 Ba6 13. Nb5 Nxf3+ 14. gxf3 Ne5 15. f4 Nd7 16. Bxg7 Kxg7 17. Qc3+ Kg8 18. h4 Bxb5 19. cxb5 e6 20. Rd1 exd5 21. Rxd5 Nf6 22. Rd3 Nxe4 23. Qb2 Rb8 24. Rdh3 Qf6 25. Qb3 Qa1+ 26. Bd1 Rbd8 27. Re3 Qd4 28. h5 0-1